000 00599nam a2200253Ia 4500
003 OSt
005 20220912153112.0
006 a|||||r|||| 00| 0
007 ta
008 220909b |||||||| |||| 00| 0 eng d
024 _a21150
037 _cTextual
040 _aCSL
_beng
_cCSL
041 _aeng
082 _aB2893, L42
100 _aBoyce DE
245 0 _aOperations research
260 _c1974
300 _ap.
_ccm.
700 _a Farhi A
700 _a Weischedel R
942 _hB2893, L42
_cTEXL
_2CC
999 _c98084
_d98084